Administrando la motivación. (Record no. 937)
[ view plain ]
| 000 -CABECERA | |
|---|---|
| campo de control de longitud fija | 00837ngm a2200205 a 4500 |
| 005 - FECHA Y HORA DE LA ÚLTIMA TRANSACCIÓN | |
| campo de control | 20220923063506.0 |
| 008 - ELEMENTOS DE LONGITUD FIJA--INFORMACIÓN GENERAL | |
| campo de control de longitud fija | 991125s1970 mx 010 d daspa u |
| 035 ## - NÚMERO DE CONTROL DEL SISTEMA | |
| Número de control de sistema | UPN01000000937 |
| 049 ## - COLECCIÓN | |
| Colección | AV |
| 099 ## - CLASIFICACIÓN LOCAL | |
| Clasificación local | PVI H 0033 |
| 245 00 - MENCIÓN DE TÍTULO | |
| Título | Administrando la motivación. |
| 260 ## - PUBLICACIÓN, DISTRIBUCIÓN, ETC. | |
| Lugar de publicación, distribución, etc. | México : |
| Nombre del editor, distribuidor, etc. | Películas Mel, |
| Fecha de publicación, distribución, etc. | [197?]. |
| 300 ## - DESCRIPCIÓN FÍSICA | |
| Extensión | 1 videocasete (VHS) (10 min.) : |
| Otras características físicas | son., col. |
| 500 ## - NOTA GENERAL | |
| Nota general | Número que le corresponde en el catálogo de películas Mel 0138 |
| 520 ## - NOTA DE RESUMEN, ETC. | |
| Sumario, etc. | Este programa le ayudará a usted y a sus empleados a alcanzar un nivel más alto de producción, presenta tres factores importantes de la motivación, propone crear expectación de éxito así como mantener abierta la comunicación |
| 650 #7 - ASIENTO SECUNDARIO DE MATERIA - TERMINO TEMATICO | |
| Término de materia o nombre geográfico como elemento de entrada | Motivación (Psicología) |
| Fuente del encabezamiento o término | |
| 9 (RLIN) | 5909 |
| 650 #4 - ASIENTO SECUNDARIO DE MATERIA - TERMINO TEMATICO | |
| Término de materia o nombre geográfico como elemento de entrada | PRODUCTIVIDAD |
| 650 #4 - ASIENTO SECUNDARIO DE MATERIA - TERMINO TEMATICO | |
| Término de materia o nombre geográfico como elemento de entrada | SUPERVISION |
| 905 ## - TIPO DE MATERIAL | |
| Tipo de material | Audiovisuales |
| Estado de retiro | Estado de pérdida | Fuente del sistema de clasificación o colocación | Estado dañado | No para préstamo | Código de colección | Localización permanente | Ubicación/localización actual | Ubicación en estantería | Total de préstamos | Clasificación | Código de barras | Fecha visto por última vez | Número de copia | Tipo de ítem Koha |
|---|---|---|---|---|---|---|---|---|---|---|---|---|---|---|
| Library of Congress Classification | Audiovisuales | Bib. Gregorio Torres Quintero | Bib. Gregorio Torres Quintero | Audiovisual | PVI H 0033 | 0033PVI | 31/12/2020 | 1 | Videocasete |
